| 000 | | | 03617nmc2a2200000 x 450 |
| 001 | | | bf4a4585-9fae-4c08-84a4-2677c8f1bb5b |
| 005 | | | 20151224102842.0 |
| 100 | ## | $a | 20150130l19101910k l0rusy0189 ca |
| 101 | 0# | $a | rus |
| 102 | ## | $a | RU |
| 200 | 1# | $a | Справка о движении скорых поездов между Киевом и Тарнополем, выданная начальником связи барону Николаю Александровичу Врангелю |
| | $j | [1910 г.] |
| 251 | ## | $c | Дело |
| 300 | ## | $a | Карандашные пометки Н.А. Врангеля |
| 801 | #0 | $a | RU |
| | $b | РГИА |
| | $c | 20150130 |
| | $g | RCR |
| 801 | #1 | $a | RU |
| | $b | ГлавНИВЦ |
| | $c | 20150130 |
| | $2 | rusmarc |
| 801 | #2 | $a | RU |
| | $b | ПБ им. Б.Н. Ельцина |
| | $c | 20151224 |
| | $g | RCR |
| | $2 | rusmarc |
| 850 | ## | $a | РГИА |
| 852 | ## | $a | РГИА |
| | $e | Федеральное казенное учреждение "Российский государственный исторический архив" (РГИА) |
| | $j | 32 |
| 937 | ## | $h | РГИА |
| | $d | 12145236 |
| | $a | ASBIBLIO_SCAN |
| 462 | #0 | $1 | 00146b7a2a3-2139-4c9a-96fd-afbb226c52f6 |
| | $1 | 2001 |
| | $a | Архив барона Николая Александровича Врангеля |
| | $1 | 251 |
| | $c | Опись |
| | $1 | 852 |
| | $j | 1 |
| 461 | #0 | $1 | 0016e313960-f5d5-45e7-9ba9-a0527011194e |
| | $1 | 2001 |
| | $a | Врангель, барон Николай Александрович (р. 1869), генерал-лейтенант, управляющий делами великого князя михаила Александровича |
| | $1 | 251 |
| | $c | Фонд |
| | $1 | 852 |
| | $j | 920 |
| 215 | ## | $a | 1 л. |
| | $d | 36,5x26 см |
| 371 | ## | $a | Документ не является опубликованным и широко распространяемым |
| 105 | ## | $a | y### |
| 122 | 0# | $a | d |
| 035 | ## | $a | bf4a4585-9fae-4c08-84a4-2677c8f1bb5b |